| 000 | 00000nam##2200000za#4500 |
| 001 | 9.647246 |
| 003 | CaOODSP |
| 005 | 20200401083100 |
| 007 | ta |
| 008 | 150407|1999||||xxc||||| f|0| 0 eng|d |
| 020 | |a0-662-27591-8 |
| 040 | |aCaOODSP|beng |
| 043 | |an-cn--- |
| 086 | 1 |aD82-39/1999E |
| 110 | 1 |aCanada.|bEmergency Preparedness Canada. |
| 245 | 10|aBe prepared not scared : |bemergency preparedness starts with you / |cIssued jointly by the Canadian Red Cross. |
| 260 | |aOttawa - Ontario : |bEmergency Preparedness Canada |c1999. |
| 300 | |a20p. : |billus. ; |c23 cm. |
| 563 | |aPamphlet |
| 590 | |a99-28|b1999-07-16 |
| 690 | 07|aEmergency preparedness|2gcpds |
| 775 | 08|tSe préparer, non s'inquiéter : |w(CaOODSP)9.680673 |
| 776 | 0#|tBe prepared not scared |w(CaOODSP)9.695650 |